000 00769nam a2200253Ia 4500
003 OSt
005 20220918171408.0
006 a|||||r|||| 00| 0
007 ta
008 220917b |||||||| |||| 00| 0 eng d
020 _a9781614515562 (hbk)
_c6660.67
024 _a285,573
037 _b12096, 16/03/2015, Elite Publishers Distributors
_cTextual
040 _aARTS
_cARTS
_beng
041 _2eng
_aeng
082 _aP:2, Q5
100 _aGardani Francesco Ed.
_936334
245 0 _aBorrowed morphology
260 _aBerlin
_bWalter de Gruyter Germany
_c2015
300 _a310p.
_ccm.
650 _aLINGUISTICS
942 _hP:2, Q5
_cTEXL
_2CC
999 _c139391
_d139391